000
00311nam a22001217a 4500
082
_a
894.812
_b
DEP/M
100
_a
DEPT OF EDUCATION, GOVT OF KERALA
245
_a
SSLC TOP WINNER MALAYALAM
260
_a
TRIVANDRUM
_b
SIET KERALA
300
_b
AUDIO CD-ROM
650
_a
MALAYALAM AUDIO CD-ROM
_z
KERALA
942
_c
BK
999
_c
7934
_d
7934